[Event "AUTO-OPEN-215"]
[Site "http://www.queenalice.com/game.php?id=51056"]
[Date "2006.2.4"]
[Round "1"]
[White "yhin29"]
[Black "maxsource"]
[Result "0-1"]
[WhiteElo "1676"]
[BlackElo "1780"]

1. d4 d5 2. e3 g6 3. Nf3 Bg7 4. Nc3 Bg4 5. Be2 Nf6 6. h3 Bxf3 7. Bxf3 c6 8. O-O
O-O 9. Be2 Nbd7 10. f4 c5 11. dxc5 Rc8 12. Nxd5 Nxc5 13. Nxf6+ Bxf6 14. c3 Qxd1
15. Rxd1 Rfd8 16. Rxd8+ Rxd8 17. Rb1 e5 18. fxe5 Bxe5 19. Bc4 Ne4 20. a4 Rd1+
21. Bf1 Nd2 22. Bxd2 Rxb1 23. Kf2 Rxb2 24. Ke1 Rb1+ 25. Ke2 Ra1 26. g4 Rxa4 27.
Kd3 b6 28. Kc2 Ra1 29. Bg2 Rg1 30. Bc6 Rg3 31. Bd7 Rxh3 32. c4 h5 33. Kd3 hxg4
34. Bxg4 Rh4 35. Bc8 f5 36. Be1 Rh3 37. Ke2 Kf7 38. e4 Rh2+ 39. Kf3 Rc2 40. Bb7
f4 41. Bd5+ Kf6 42. Kg4 g5 43. Bb4 a5 44. Bf8 Rc3 45. c5 bxc5 46. Bc6 Rg3+ 47.
Kh5 f3 48. Bxc5 Rg2 49. Bb5 f2 50. Bb6 a4 51. Bc5 g4 0-1

[Event "AUTO-OPEN-215"]
[Site "http://www.queenalice.com/game.php?id=51073"]
[Date "2006.2.4"]
[Round "1"]
[White "yhin29"]
[Black "refutor"]
[Result "1-0"]
[WhiteElo "1662"]
[BlackElo "1424"]

1. e4 c5 2. Nf3 d6 3. Nc3 Nf6 4. d3 g6 5. Be3 Bg7 6. Be2 O-O 7. O-O Bg4 8. h3
Bxf3 9. Bxf3 Nc6 10. a3 a6 11. Rb1 b5 12. Bg5 Nd4 13. Re1 Nxf3+ 14. Qxf3 1-0

[Event "AUTO-OPEN-215"]
[Site "http://www.queenalice.com/game.php?id=51074"]
[Date "2006.2.4"]
[Round "1"]
[White "refutor"]
[Black "yhin29"]
[Result "0-1"]
[WhiteElo "1424"]
[BlackElo "1500"]

1. c4 Nf6 2. Nc3 Nc6 3. Nf3 g6 4. d4 d5 5. cxd5 Nxd5 6. e4 Nxc3 7. bxc3 Bg7 8.
Bb5 O-O 9. O-O Bg4 10. Be3 a6 11. Bxc6 bxc6 12. h3 Bc8 13. Qb3 Be6 14. Qc2 f5
0-1

[Event "Challenge"]
[Site "http://www.queenalice.com/game.php?id=51714"]
[Date "2006.2.8"]
[Round "-"]
[White "pcescritor"]
[Black "yhin29"]
[Result "0-1"]
[WhiteElo "1483"]
[BlackElo "1669"]

1. e4 c5 2. Qf3 Nc6 3. Bc4 Ne5 4. Qb3 e6 5. d3 a6 6. Nf3 Nxf3+ 7. gxf3 b5 8.
Bxb5 Qa5+ 9. Bd2 Qxb5 10. Nc3 Qc6 11. Bf4 Nf6 12. Na4 Bb7 13. O-O-O Nh5 14. Be5
Be7 15. Nb6 Rd8 16. d4 d6 17. d5 exd5 18. exd5 Qb5 19. Bc3 O-O 20. Rhe1 Bf6 21.
Bxf6 Nxf6 22. Re7 Qxb3 23. axb3 Ba8 24. h4 h6 25. f4 Rb8 26. Nc4 Nxd5 27. Ra7
Nxf4 28. Nxd6 Bf3 29. Re1 Ne2+ 30. Kb1 Rb6 31. Rd1 Nc3+ 32. bxc3 Bxd1 33. Rd7
Bg4 34. Nc4 Rf6 35. Ra7 Rxf2 36. Rxa6 Bf5 37. Ne3 Be4 38. Ra5 Re2 39. Nc4 Bxc2+
40. Kc1 Bxb3 41. Nd2 c4 0-1

[Event "Challenge"]
[Site "http://www.queenalice.com/game.php?id=52098"]
[Date "2006.2.10"]
[Round "-"]
[White "yhin29"]
[Black "julick"]
[Result "1-0"]
[WhiteElo "1716"]
[BlackElo "1234"]

1. d4 d6 2. e4 Nf6 3. Nc3 c5 4. dxc5 dxc5 5. Qxd8+ Kxd8 6. Bf4 g6 7. Rd1+ Nfd7
8. Nf3 Bg7 9. Ng5 Ke8 10. Nd5 Na6 11. Bxa6 Kf8 12. Bc4 f6 13. Ne6+ Kf7 14. Nxg7
Kxg7 15. Nc7 Nb6 16. Nxa8 Nxa8 17. O-O 1-0

[Event "Challenge"]
[Site "http://www.queenalice.com/game.php?id=57473"]
[Date "2006.3.15"]
[Round "-"]
[White "fred57"]
[Black "yhin29"]
[Result "1-0"]
[WhiteElo "2032"]
[BlackElo "1663"]

1. c4 e5 2. Nc3 Nf6 3. Nf3 Nc6 4. g3 d5 5. cxd5 Nxd5 6. Bg2 Nb6 7. O-O Bd6 8. d4
exd4 9. Nxd4 O-O 10. Nxc6 bxc6 11. Bxc6 Rb8 12. Qd4 Ba6 13. Bf4 Nc4 14. b3 Bxf4
15. Qxf4 Nd6 16. Rac1 Rb6 17. Bf3 Bb7 18. Rfd1 Bxf3 19. Qxf3 Qg5 20. Nd5 Rb5 21.
Rxc7 Nf5 22. Qd3 Ra5 23. b4 Rxa2 24. Qxf5 Qh6 25. Ne7+ Kh8 26. Rc8 g6 27. Qf6+
1-0

[Event "Challenge"]
[Site "http://www.queenalice.com/game.php?id=59158"]
[Date "2006.3.24"]
[Round "-"]
[White "gerchurches"]
[Black "yhin29"]
[Result "1-0"]
[WhiteElo "1883"]
[BlackElo "1636"]

1. e4 c5 2. Nf3 Nc6 3. d4 cxd4 4. Nxd4 e5 5. Nb5 Nf6 6. Bg5 Qa5+ 7. N5c3 Nxe4 8.
Bd2 Nxc3 9. Nxc3 Qb6 10. Bb5 Bb4 11. Bxc6 1-0

[Event "Challenge"]
[Site "http://www.queenalice.com/game.php?id=60393"]
[Date "2006.3.30"]
[Round "-"]
[White "alib2004"]
[Black "yhin29"]
[Result "1-0"]
[WhiteElo "1779"]
[BlackElo "1701"]

1. e4 c5 2. Nf3 Nc6 3. b3 e5 4. Bc4 h6 5. Bb2 Nf6 6. d3 a6 7. a4 d6 8. Nc3 Bg4
9. h3 Bxf3 10. gxf3 Na5 11. Bd5 Rb8 12. Rg1 Be7 13. Rxg7 Nxd5 14. Nxd5 Kf8 15.
Rg2 Bh4 16. Qe2 Rg8 17. Rxg8+ Kxg8 18. O-O-O Kf8 19. Bc3 b5 20. axb5 axb5 21.
Bd2 h5 22. Rg1 Nc6 23. Bh6+ Ke8 24. Rg8+ Kd7 25. Rxd8+ Bxd8 26. f4 Nd4 27. Qxh5
exf4 28. Bxf4 Ra8 29. Qxf7+ Kc6 30. Qe8+ Kb7 31. Qd7+ Ka6 32. Qxd6+ Ka5 33. Qxc5
Ne2+ 34. Kd2 Nxf4 35. Qa3# 1-0

[Event "Challenge"]
[Site "http://www.queenalice.com/game.php?id=60395"]
[Date "2006.3.30"]
[Round "-"]
[White "yhin29"]
[Black "alib2004"]
[Result "1-0"]
[WhiteElo "1660"]
[BlackElo "1750"]

1. d4 d5 2. Nf3 Nc6 3. h3 Nf6 4. Nc3 Bf5 5. a3 h6 6. Bf4 e6 7. e3 Bd6 8. Ne5 O-O
9. Nxc6 bxc6 10. Ba6 Rb8 11. b4 Ne4 12. Nxe4 Bxe4 13. O-O Bxf4 14. exf4 Qf6 15.
f3 Bg6 16. Qd2 Rb6 17. Be2 Qh4 18. Rac1 Qg3 19. c4 Bf5 20. Kh1 Kh8 21. Rc3 Rg8
22. cxd5 exd5 23. Bd3 Bxd3 24. Rxd3 g5 25. fxg5 Rxg5 26. f4 Qh4 27. fxg5 hxg5
28. Qe3 a5 29. Qe8+ 1-0

[Event "Challenge"]
[Site "http://www.queenalice.com/game.php?id=63110"]
[Date "2006.4.14"]
[Round "-"]
[White "li2carpio"]
[Black "yhin29"]
[Result "1-0"]
[WhiteElo "1878"]
[BlackElo "1682"]

1. e4 c5 2. Nf3 Nc6 3. d4 cxd4 4. Nxd4 Nxd4 5. Qxd4 e6 6. Nc3 b6 7. Bc4 Bb7 8.
O-O Rc8 9. Bb3 Nf6 10. Bg5 Be7 11. Nb5 a6 12. Nd6+ Bxd6 13. Qxd6 Rc6 14. Qb4 e5
15. f4 a5 16. Qa3 exf4 17. e5 b5 18. exf6 Qb6+ 19. Kh1 gxf6 20. Rfe1+ Kd8 21.
Qe7+ Kc8 22. Bxf4 Ba8 23. Rad1 Rd8 24. Bd5 Qf2 25. Rf1 Qxc2 26. Rfe1 Re6 27. Rc1
Rxe7 28. Rxc2+ Bc6 29. Rxe7 Rg8 30. Bxc6 dxc6 31. Rxc6+ Kd8 32. Rxf7 Re8 33. h3
h5 34. Rb6 1-0

[Event "Challenge"]
[Site "http://www.queenalice.com/game.php?id=66886"]
[Date "2006.5.4"]
[Round "-"]
[White "yhin29"]
[Black "Lucascg"]
[Result "1/2-1/2"]
[WhiteElo "1653"]
[BlackElo "1989"]

1. c4 Nf6 2. Nc3 e6 3. d4 d5 4. e3 Be7 5. cxd5 exd5 6. Nf3 O-O 7. Bd3 Bg4 8. h3
Bxf3 9. gxf3 c5 10. dxc5 Bxc5 11. Rg1 Nc6 12. a3 a5 13. Qb3 d4 14. Ne4 Nxe4 15.
Bxe4 dxe3 16. Bxe3 Bxe3 17. fxe3 Qe7 18. Qc3 f5 19. Bd5+ Kh8 20. Kf2 Rae8 21.
Rae1 Ne5 22. f4 Ng6 23. Bf3 b6 24. Rg5 Rf6 25. Bh5 Rd8 26. Bxg6 Rxg6 27. h4 Rxg5
28. hxg5 Qd6 29. Re2 h6 1/2-1/2

[Event "Challenge"]
[Site "http://www.queenalice.com/game.php?id=68286"]
[Date "2006.5.11"]
[Round "-"]
[White "carlog"]
[Black "yhin29"]
[Result "1-0"]
[WhiteElo "1979"]
[BlackElo "1689"]

1. Nc3 Nc6 2. d4 d5 3. Bf4 a6 4. e3 Nf6 5. Nf3 Bg4 6. Be2 e6 7. O-O h6 8. Ne5
Bxe2 9. Qxe2 Bd6 10. Rad1 Ne7 11. f3 Ng6 12. Nxg6 fxg6 13. Bxd6 cxd6 14. e4 O-O
15. exd5 exd5 16. Qe6+ Kh8 17. Nxd5 Re8 18. Qf7 Nxd5 19. Qxd5 Qb6 20. Qb3 Qc6
21. Rfe1 Rf8 22. Re7 b5 23. Qd3 d5 24. Rde1 Rad8 25. R1e6 Rd6 26. Qxg6 Rg8 27.
Rxd6 Qc4 28. Qxh6+ gxh6 29. Rxh6# 1-0

[Event "Challenge"]
[Site "http://www.queenalice.com/game.php?id=70600"]
[Date "2006.5.21"]
[Round "-"]
[White "yhin29"]
[Black "toldowisk"]
[Result "0-1"]
[WhiteElo "1670"]
[BlackElo "1771"]

1. d4 d5 2. Nc3 e6 3. Nf3 Nf6 4. Bg5 Be7 5. e3 Bd7 6. Bd3 Nc6 7. O-O Nb4 8. Be2
c5 9. a3 cxd4 10. Nxd4 Nc6 11. b4 O-O 12. b5 Ne5 13. f4 Ng6 14. Bd3 Qc7 15. Qe1
Rac8 16. Nce2 h6 17. Bxf6 Bxf6 18. Rc1 Qb6 19. a4 e5 20. a5 Qd6 21. fxe5 Bxe5
22. Nf3 Qc5 23. Qd2 Bxb5 24. Bxg6 Bc3 25. Nxc3 Bxf1 26. Rxf1 Qxc3 27. Qxd5 Qxe3+
28. Kh1 Qe6 0-1

[Event "Challenge"]
[Site "http://www.queenalice.com/game.php?id=71821"]
[Date "2006.5.26"]
[Round "-"]
[White "yhin29"]
[Black "Catao"]
[Result "1-0"]
[WhiteElo "1655"]
[BlackElo "1762"]

1. c4 d5 2. e3 e5 3. cxd5 Qxd5 4. Nc3 Qd8 5. Nf3 Bg4 6. Be2 Nd7 7. h3 Bxf3 8.
Bxf3 c6 9. O-O Qc7 10. d4 exd4 11. exd4 O-O-O 12. a3 Ne5 13. Be3 Nxf3+ 14. Qxf3
Qd7 15. Rad1 Kb8 16. d5 c5 17. Qg3+ Bd6 18. Qxg7 Ne7 19. Qxf7 Rdg8 20. Qe6 Qc7
21. Nb5 1-0

[Event "Challenge"]
[Site "http://www.queenalice.com/game.php?id=76400"]
[Date "2006.6.14"]
[Round "-"]
[White "joao"]
[Black "yhin29"]
[Result "1-0"]
[WhiteElo "1598"]
[BlackElo "1671"]

1. d4 d5 2. c4 dxc4 3. Nc3 Nf6 4. Nf3 e6 5. Bg5 Be7 6. e3 a6 7. Bxc4 Nc6 8. O-O
h6 9. Bh4 b5 10. Bb3 Bb7 11. Rc1 O-O 12. a3 Na7 13. Qe2 Rc8 14. Rfd1 c6 15. Ba2
a5 16. Bb1 Qc7 17. Qd3 g6 18. Ne2 Nh7 19. Bg3 Qd7 20. Ne5 Qe8 21. Nf4 Bf6 22.
Nh5 Bh8 23. Ng4 f5 24. Nxh6# 1-0

[Event "Challenge"]
[Site "http://www.queenalice.com/game.php?id=81287"]
[Date "2006.6.30"]
[Round "-"]
[White "yhin29"]
[Black "ekup"]
[Result "0-1"]
[WhiteElo "1615"]
[BlackElo "1880"]

1. d4 g6 2. Nf3 Bg7 3. Nc3 d6 4. e4 c6 5. Be3 Nf6 6. Bd3 O-O 7. O-O b6 8. h3
Nbd7 9. a3 Bb7 10. b4 Rc8 11. a4 e6 12. Ne2 Nh5 13. c4 d5 14. cxd5 exd5 15. e5
Bh8 16. Ng3 Nxg3 17. fxg3 f6 18. Bh6 Bg7 19. Bxg7 Kxg7 20. Rc1 fxe5 0-1

[Event "AUTO-MASTER-186"]
[Site "http://www.queenalice.com/game.php?id=85503"]
[Date "2006.7.13"]
[Round "1"]
[White "mfrezman"]
[Black "yhin29"]
[Result "1-0"]
[WhiteElo "1699"]
[BlackElo "1630"]

1. Nf3 Nc6 2. e4 d5 3. e5 Bg4 4. Bb5 a6 5. Ba4 b5 6. Bb3 e6 7. d4 Bxf3 8. Qxf3
Nxd4 9. Qg3 a5 10. a4 c6 11. c3 Nxb3 12. Bg5 Be7 13. Bxe7 1-0

[Event "AUTO-MASTER-186"]
[Site "http://www.queenalice.com/game.php?id=85504"]
[Date "2006.7.13"]
[Round "1"]
[White "yhin29"]
[Black "mfrezman"]
[Result "0-1"]
[WhiteElo "1647"]
[BlackElo "1684"]

1. d4 d5 2. Nc3 Bf5 3. Nf3 Nf6 4. Bg5 Nbd7 5. e3 h6 6. Bf4 e6 7. h3 Nh5 8. Nb5
Nxf4 9. exf4 a6 10. Nc3 c5 11. Be2 Bd6 12. dxc5 Nxc5 0-1

[Event "AUTO-MASTER-186"]
[Site "http://www.queenalice.com/game.php?id=85519"]
[Date "2006.7.13"]
[Round "1"]
[White "joaoreis001"]
[Black "yhin29"]
[Result "1-0"]
[WhiteElo "1691"]
[BlackElo "1595"]

1. a3 c5 2. Nf3 Nc6 3. d4 e6 4. e3 cxd4 5. Nxd4 Nf6 6. Bb5 a6 7. Nxc6 bxc6 8.
Ba4 Qa5+ 9. Nc3 Nd5 10. Bd2 Nxc3 11. b3 Qe5 12. f4 Qf6 13. Qc1 Nxa4 14. bxa4 Bc5
15. O-O O-O 16. c3 1-0

[Event "AUTO-MASTER-186"]
[Site "http://www.queenalice.com/game.php?id=85520"]
[Date "2006.7.13"]
[Round "1"]
[White "yhin29"]
[Black "joaoreis001"]
[Result "0-1"]
[WhiteElo "1583"]
[BlackElo "1715"]

1. c4 b6 2. d4 c5 3. e3 e6 4. Qf3 Qf6 5. Qxa8 Bd6 6. Nc3 Nh6 7. Ne4 Qe7 8. Nf3
Qd8 9. Nxd6+ Kf8 10. Qxb8 Ke7 11. Nb5 a5 12. Qd6+ Kf6 13. e4 g6 14. Bxh6 cxd4
15. e5+ Kf5 16. Bd3+ Kg4 0-1

[Event "AUTO-MASTER-186"]
[Site "http://www.queenalice.com/game.php?id=85531"]
[Date "2006.7.13"]
[Round "1"]
[White "yhin29"]
[Black "joey30"]
[Result "0-1"]
[WhiteElo "1609"]
[BlackElo "1826"]

1. d4 d5 2. Nc3 g6 3. Nf3 Bg7 4. Bf4 a6 5. e3 c6 6. Bd3 Nf6 7. O-O Bg4 8. Be2
O-O 9. Ne5 Bxe2 10. Nxe2 Nbd7 11. h3 Nh5 12. Nc3 Nxf4 0-1

[Event "AUTO-MASTER-186"]
[Site "http://www.queenalice.com/game.php?id=85532"]
[Date "2006.7.13"]
[Round "1"]
[White "joey30"]
[Black "yhin29"]
[Result "1-0"]
[WhiteElo "1833"]
[BlackElo "1601"]

1. e4 c5 2. Nf3 Nc6 3. c3 d5 4. e5 Bg4 5. Be2 Bxf3 6. Bxf3 Nxe5 7. O-O Nf6 8.
Re1 Ng6 9. d4 e6 10. Bg5 Be7 11. Na3 O-O 12. Qd2 c4 13. Nc2 1-0